[Event "4NCL/Div1/3CS1 vs. WGR"]
[Site "Wokefield Park ENG"]
[Date "2007.05.05"]
[Round "9.4"]
[White "Martin, Andrew D"]
[Black "Arakhamia-Grant, Ketevan"]
[Result "1/2-1/2"]
[WhiteElo "2428"]
[BlackElo "2431"]
[PlyCount "35"]
[EventDate "2007.05.05"]
[EventType "team"]
[EventRounds "11"]
[EventCountry "ENG"]
[WhiteTeam "Wood Green"]
[BlackTeam "3Cs Oldham"]

1. d4 Nf6 2. c4 g6 3. Nc3 Bg7 4. e4 d6 5. f3 O-O 6. Bg5 c5 7. d5 e6 8. Qd2 exd5
9. cxd5 Re8 10. Nge2 a6 11. a4 Nbd7 12. Ng3 Qa5 13. Ra3 h5 14. Be2 Nh7 15. Bf4
Ne5 16. O-O Bd7 17. Bh6 h4 18. Bxg7 1/2-1/2

[Event "4NCL/Div1/3CS1 vs. WGR"]
[Site "Wokefield Park ENG"]
[Date "2007.05.05"]
[Round "9.5"]
[White "Ashton, Adam G"]
[Black "Sowray, Peter J"]
[Result "0-1"]
[WhiteElo "2316"]
[BlackElo "2317"]
[PlyCount "64"]
[EventDate "2007.05.05"]
[EventType "team"]
[EventRounds "11"]
[EventCountry "ENG"]
[WhiteTeam "3Cs Oldham"]
[BlackTeam "Wood Green"]

1. e4 c5 2. Nf3 a6 3. c3 d5 4. exd5 Nf6 5. d4 Qxd5 6. Be3 cxd4 7. cxd4 e6 8.
Nc3 Qd6 9. Bc4 b5 10. Bb3 Bb7 11. O-O Be7 12. Rc1 O-O 13. d5 exd5 14. Nd4 Qd7
15. Qf3 Nc6 16. Nf5 d4 17. Nd5 Bd8 18. Rfd1 Ne5 19. Nxf6+ Bxf6 20. Qh3 Be4 21.
Nxd4 Qxh3 22. gxh3 Rac8 23. Rxc8 Rxc8 24. f4 Nd3 25. Ne2 Nxb2 26. Rd6 a5 27.
Ng3 Bc6 28. Bd5 Bxd5 29. Rxd5 Nc4 30. Bf2 b4 31. Ne4 Be7 32. Kg2 a4 0-1

[Event "4NCL/Div1/3CS1 vs. WGR"]
[Site "Wokefield Park ENG"]
[Date "2007.05.05"]
[Round "9.6"]
[White "Pein, Malcolm"]
[Black "Bentley, John L"]
[Result "1-0"]
[WhiteElo "2394"]
[BlackElo "2243"]
[PlyCount "51"]
[EventDate "2007.05.05"]
[EventType "team"]
[EventRounds "11"]
[EventCountry "ENG"]
[WhiteTeam "Wood Green"]
[BlackTeam "3Cs Oldham"]

1. Nf3 Nf6 2. d4 g6 3. c4 Bg7 4. Nc3 O-O 5. e4 d6 6. Be2 c5 7. d5 e6 8. O-O Re8
9. Nd2 Na6 10. f4 exd5 11. cxd5 Nc7 12. a4 Rb8 13. Bf3 a6 14. a5 Nb5 15. Re1
Qe7 16. Nc4 Nd4 17. e5 Nxf3+ 18. Qxf3 dxe5 19. fxe5 Ng4 20. Bf4 h5 21. h3 g5
22. Bd2 Nxe5 23. Qxh5 Bf5 24. Bxg5 Qd7 25. Nxe5 Bxe5 26. Rxe5 1-0

[Event "4NCL/Div1/3CS1 vs. WGR"]
[Site "Wokefield Park ENG"]
[Date "2007.05.05"]
[Round "9.7"]
[White "Hamelink, Desiree"]
[Black "Pokorna, Regina"]
[Result "0-1"]
[WhiteElo "2220"]
[BlackElo "2343"]
[PlyCount "78"]
[EventDate "2007.05.05"]
[EventType "team"]
[EventRounds "11"]
[EventCountry "ENG"]
[WhiteTeam "3Cs Oldham"]
[BlackTeam "Wood Green"]

1. e4 e5 2. Nf3 Nc6 3. Nc3 Nf6 4. d4 exd4 5. Nxd4 Bb4 6. Nxc6 bxc6 7. Bd3 d5 8.
exd5 cxd5 9. O-O O-O 10. Bg5 c6 11. Na4 Re8 12. c3 Bd6 13. Qf3 Bd7 14. Bc2 h6
15. Bh4 g5 16. Bg3 Bg4 17. Qd3 Be2 18. Qf5 Bxf1 19. Rxf1 Bxg3 20. fxg3 Kg7 21.
Nc5 Qe7 22. Nd7 Ne4 23. Bxe4 dxe4 24. Nf6 Rh8 25. Nxe4 Qe6 26. Qf2 Rhd8 27. Nc5
Qe7 28. b4 Rd6 29. Re1 Qf6 30. Qc2 Rad8 31. Rf1 Qe5 32. Nb3 Qe3+ 33. Kh1 Rf6
34. Rg1 Rf2 35. Qb1 Qxc3 36. Qe4 Qf6 37. h3 Rxa2 38. Nc5 Rdd2 39. Qc4 Ra1 0-1

[Event "4NCL/Div1/3CS1 vs. WGR"]
[Site "Wokefield Park ENG"]
[Date "2007.05.05"]
[Round "9.8"]
[White "Tan, Desmond"]
[Black "Walton, Alan J"]
[Result "1-0"]
[WhiteElo "2322"]
[BlackElo "2238"]
[PlyCount "51"]
[EventDate "2007.05.05"]
[EventType "team"]
[EventRounds "11"]
[EventCountry "ENG"]
[WhiteTeam "Wood Green"]
[BlackTeam "3Cs Oldham"]

1. e4 e6 2. d4 d5 3. Nc3 Nf6 4. Bg5 dxe4 5. Nxe4 Be7 6. Nxf6+ gxf6 7. Be3 a6 8.
Be2 Bd7 9. d5 exd5 10. Qxd5 Bc6 11. Qxd8+ Bxd8 12. Bf3 Rg8 13. Bf4 f5 14. g3
Rg6 15. O-O-O Nd7 16. Bxc6 Rxc6 17. Nf3 Nf6 18. Rhe1+ Kf8 19. Re5 Ng4 20. Rxf5
Nxf2 21. Rd7 Bf6 22. Ne5 Rd6 23. Rxd6 cxd6 24. Rxf6 Ne4 25. Rxf7+ Kg8 26. Rxb7
1-0

[Event "4NCL/Div1/SWD1 vs. GUI2"]
[Site "Wokefield Park ENG"]
[Date "2007.05.05"]
[Round "9.1"]
[White "Cobb, James E"]
[Black "Pert, Nicholas"]
[Result "0-1"]
[WhiteElo "2424"]
[BlackElo "2525"]
[PlyCount "78"]
[EventDate "2007.05.05"]
[EventType "team"]
[EventRounds "11"]
[EventCountry "ENG"]
[WhiteTeam "S W Dragons 1"]
[BlackTeam "Guildford-ADC 2"]

1. d4 d5 2. c4 c6 3. Nf3 Nf6 4. Nc3 dxc4 5. a4 Bf5 6. Nh4 e6 7. Nxf5 exf5 8. e3
Bb4 9. Bxc4 O-O 10. O-O Nbd7 11. Qb3 a5 12. Na2 Bd6 13. Bd2 Nb6 14. Be2 Nbd5
15. Bf3 Ne4 16. Be1 Qe7 17. Nc3 Nb4 18. Nxe4 fxe4 19. Be2 Rae8 20. f3 exf3 21.
Rxf3 Nd5 22. Bf2 Qg5 23. Bd3 Nf6 24. Rf5 Qh6 25. h3 Bb4 26. Rf1 Re7 27. Bc4 Ne4
28. Be1 Nd6 29. Bxb4 axb4 30. R5f3 Nxc4 31. Qxc4 Qd6 32. Re1 Rfe8 33. Ref1 Rf8
34. Re1 g6 35. e4 Rd7 36. Rd1 Qe6 37. Qxe6 fxe6 38. Rxf8+ Kxf8 39. Kf2 Ke7 0-1

[Event "4NCL/Div1/SWD1 vs. GUI2"]
[Site "Wokefield Park ENG"]
[Date "2007.05.05"]
[Round "9.2"]
[White "Gallagher, Joseph G"]
[Black "Cooper, John G"]
[Result "0-1"]
[WhiteElo "2509"]
[BlackElo "2335"]
[PlyCount "70"]
[EventDate "2007.05.05"]
[EventType "team"]
[EventRounds "11"]
[EventCountry "ENG"]
[WhiteTeam "Guildford-ADC 2"]
[BlackTeam "S W Dragons 1"]

1. e4 e6 2. d4 d5 3. Nc3 Bb4 4. e5 c5 5. dxc5 Ne7 6. Nf3 Nd7 7. Bd3 Qc7 8. O-O
Bxc3 9. bxc3 Nxc5 10. Ba3 Bd7 11. Nd4 O-O 12. Re1 Ng6 13. Re3 Nxd3 14. Bd6 Nb2
15. Qc1 Qb6 16. Rb1 Rfc8 17. Rxb2 Qa6 18. Rg3 Rc4 19. h3 Rac8 20. Qd2 Ra4 21.
a3 b6 22. Rb1 Rcc4 23. h4 h5 24. Rg5 Qc8 25. Rb3 Nxh4 26. Rxh5 Nf5 27. Nxf5
exf5 28. Be7 Qc6 29. Bf6 Rg4 30. c4 dxc4 31. Rg3 c3 32. Qc1 Rxg3 33. fxg3 Rg4
34. Kh2 f4 35. Bh4 Qg6 0-1

[Event "4NCL/Div1/SWD1 vs. GUI2"]
[Site "Wokefield Park ENG"]
[Date "2007.05.05"]
[Round "9.3"]
[White "Kett, Timothy"]
[Black "Cherniaev, Alexander"]
[Result "0-1"]
[WhiteElo "2243"]
[BlackElo "2487"]
[PlyCount "70"]
[EventDate "2007.05.05"]
[EventType "team"]
[EventRounds "11"]
[EventCountry "ENG"]
[WhiteTeam "S W Dragons 1"]
[BlackTeam "Guildford-ADC 2"]

1. e4 c5 2. Nf3 Nc6 3. Nc3 Nf6 4. Bb5 Qc7 5. O-O Nd4 6. e5 Nxf3+ 7. Qxf3 Qxe5
8. b3 e6 9. Bb2 Bd6 10. g3 Qh5 11. Qg2 a6 12. Be2 Qg6 13. Bd3 Qh6 14. Rae1 Rb8
15. Ne4 Nxe4 16. Rxe4 Be7 17. Be5 d6 18. Rh4 Bxh4 19. Bxd6 Ra8 20. gxh4 f6 21.
f4 Kf7 22. f5 Re8 23. Bxc5 Qxh4 24. Rf3 Qe1+ 25. Rf1 Qe5 26. fxe6+ Bxe6 27. Be3
Bd5 28. Qh3 Be4 29. Bc4+ Kf8 30. b4 Rac8 31. Bb3 Bxc2 32. Bxc2 Rxc2 33. Qxh7
Rc6 34. Rf5 Qe4 35. Qg6 Kg8 0-1

[Event "4NCL/Div1/SWD1 vs. GUI2"]
[Site "Wokefield Park ENG"]
[Date "2007.05.05"]
[Round "9.4"]
[White "Plaskett, James"]
[Black "James, David J"]
[Result "1-0"]
[WhiteElo "2499"]
[BlackElo "2217"]
[PlyCount "83"]
[EventDate "2007.05.05"]
[EventType "team"]
[EventRounds "11"]
[EventCountry "ENG"]
[WhiteTeam "Guildford-ADC 2"]
[BlackTeam "S W Dragons 1"]

1. e4 c5 2. Nf3 d6 3. d4 cxd4 4. Qxd4 Nc6 5. Bb5 Bd7 6. Bxc6 Bxc6 7. Nc3 Nf6 8.
Bg5 e6 9. O-O-O Be7 10. Rhe1 O-O 11. Qd2 Rc8 12. Nd4 a6 13. f3 b5 14. Nxc6 Rxc6
15. Ne2 Qb8 16. Kb1 b4 17. Nd4 Rc4 18. Re2 a5 19. Qd3 Rfc8 20. h4 a4 21. g4 Bd8
22. b3 axb3 23. cxb3 R4c5 24. Bc1 Nd7 25. f4 Rc3 26. Qb5 Nf8 27. Qxb8 Rxb8 28.
Bd2 Rc5 29. Nc2 Rcb5 30. Be1 Ng6 31. f5 Nf4 32. Red2 Be7 33. Bg3 e5 34. Ne3 g5
35. hxg5 Bxg5 36. Nc4 Rc5 37. Rxd6 Kg7 38. R1d2 Bf6 39. Rh2 Rh8 40. Rb6 h5 41.
gxh5 Rxh5 42. Bxf4 1-0

[Event "4NCL/Div1/SWD1 vs. GUI2"]
[Site "Wokefield Park ENG"]
[Date "2007.05.05"]
[Round "9.5"]
[White "Zeidler, Sven P"]
[Black "Flear, Glenn C"]
[Result "1/2-1/2"]
[WhiteElo "2213"]
[BlackElo "2476"]
[PlyCount "84"]
[EventDate "2007.05.05"]
[EventType "team"]
[EventRounds "11"]
[EventCountry "ENG"]
[WhiteTeam "S W Dragons 1"]
[BlackTeam "Guildford-ADC 2"]

1. e4 e5 2. Nf3 Nc6 3. c3 Nf6 4. d4 Nxe4 5. d5 Ne7 6. Nxe5 Ng6 7. Qd4 Qf6 8.
Qxe4 Qxe5 9. Qxe5+ Nxe5 10. Nd2 Be7 11. Nc4 Nxc4 12. Bxc4 d6 13. Be3 Bf6 14.
O-O Bd7 15. Bd4 Bxd4 16. cxd4 O-O-O 17. Bd3 Rde8 18. Rac1 Re7 19. f3 Rhe8 20.
Kf2 g6 21. Rc2 a6 22. Rfc1 Bb5 23. Bxb5 axb5 24. b3 Kb8 25. a4 b4 26. Kg3 h5
27. a5 g5 28. h4 f6 29. Rh1 Rg8 30. Kf2 g4 31. Rhc1 f5 32. g3 gxf3 33. Kxf3 Rg4
34. Rc4 Reg7 35. Rxb4 Rxg3+ 36. Kf2 Rg2+ 37. Kf3 R7g3+ 38. Kf4 Rg4+ 39. Kf3 Rh2
40. a6 Rh3+ 41. Kf2 Rh2+ 42. Kf3 Rh3+ 1/2-1/2

[Event "4NCL/Div1/SWD1 vs. GUI2"]
[Site "Wokefield Park ENG"]
[Date "2007.05.05"]
[Round "9.6"]
[White "Shaw, John K"]
[Black "Morris, Charles F"]
[Result "1-0"]
[WhiteElo "2441"]
[BlackElo "2207"]
[PlyCount "67"]
[EventDate "2007.05.05"]
[EventType "team"]
[EventRounds "11"]
[EventCountry "ENG"]
[WhiteTeam "Guildford-ADC 2"]
[BlackTeam "S W Dragons 1"]

1. e4 e6 2. d4 d5 3. Nd2 Nf6 4. e5 Nfd7 5. c3 c5 6. Bd3 Nc6 7. Ne2 cxd4 8. cxd4
f6 9. exf6 Nxf6 10. Nf3 Qc7 11. O-O Bd6 12. Bg5 O-O 13. Bh4 Nh5 14. Qc2 h6 15.
Bh7+ Kh8 16. Bg6 Nf6 17. Bg3 Ng4 18. h3 Bxg3 19. Nxg3 Nf6 20. Rfe1 Qb6 21. Qd2
Ne7 22. Ne5 Kg8 23. Bc2 Bd7 24. Nh5 Be8 25. Nxf6+ Rxf6 26. Re3 Nf5 27. Bxf5
exf5 28. Rc1 Qd6 29. Rb3 b6 30. Rbc3 Qb4 31. a3 Qa5 32. Qd3 Bb5 33. Qf3 Ba6 34.
b4 1-0

[Event "4NCL/Div1/SWD1 vs. GUI2"]
[Site "Wokefield Park ENG"]
[Date "2007.05.05"]
[Round "9.7"]
[White "Rees, Gwynfor"]
[Black "Muir, Andrew J"]
[Result "0-1"]
[WhiteElo "2167"]
[BlackElo "2350"]
[PlyCount "70"]
[EventDate "2007.05.05"]
[EventType "team"]
[EventRounds "11"]
[EventCountry "ENG"]
[WhiteTeam "S W Dragons 1"]
[BlackTeam "Guildford-ADC 2"]

1. d4 d5 2. c4 e6 3. Nc3 c6 4. cxd5 exd5 5. Qc2 Bd6 6. Nf3 Ne7 7. Bg5 f6 8. Bd2
Bb4 9. e3 Bf5 10. Bd3 Bxd3 11. Qxd3 O-O 12. a3 Bxc3 13. Bxc3 Nd7 14. Bb4 a5 15.
Bxe7 Qxe7 16. O-O a4 17. b4 b5 18. Qc3 Qe6 19. Ne1 Nb6 20. Nd3 Nc4 21. Nc5 Qd6
22. Rfe1 Rae8 23. e4 dxe4 24. Nxa4 f5 25. Nc5 Qd5 26. a4 f4 27. axb5 cxb5 28.
Ra7 f3 29. Rd7 Qg5 30. g3 Qg4 31. d5 Re5 32. Ne6 Qh3 33. Rxg7+ Kh8 34. Rxh7+
Kxh7 35. Nxf8+ Kg8 0-1

[Event "4NCL/Div1/SWD1 vs. GUI2"]
[Site "Wokefield Park ENG"]
[Date "2007.05.05"]
[Round "9.8"]
[White "Lalic, Susan"]
[Black "Wilson, Julie"]
[Result "1-0"]
[WhiteElo "2348"]
[BlackElo "1925"]
[PlyCount "41"]
[EventDate "2007.05.05"]
[EventType "team"]
[EventRounds "11"]
[EventCountry "ENG"]
[WhiteTeam "Guildford-ADC 2"]
[BlackTeam "S W Dragons 1"]

1. e4 e6 2. d4 d5 3. Nc3 Nf6 4. Bg5 dxe4 5. Nxe4 Be7 6. Bxf6 Bxf6 7. Nf3 O-O 8.
Qd2 Nd7 9. O-O-O Be7 10. Bd3 b6 11. Neg5 h6 12. Bh7+ Kh8 13. Be4 Rb8 14. h4 Bb7
15. Bxb7 Rxb7 16. Qd3 Nf6 17. Ne5 Qe8 18. Ng4 g6 19. Nxf6 Bxf6 20. Qf3 Bxg5+
21. hxg5 1-0

[Event "4NCL/Div1/HKF1 vs. 3CS1"]
[Site "Wokefield Park ENG"]
[Date "2007.05.06"]
[Round "10.1"]
[White "Williams, Simon K"]
[Black "Haslinger, Stewart G"]
[Result "1/2-1/2"]
[WhiteElo "2487"]
[BlackElo "2450"]
[PlyCount "89"]
[EventDate "2007.05.06"]
[EventType "team"]
[EventRounds "11"]
[EventCountry "ENG"]
[WhiteTeam "H Kingfisher 1"]
[BlackTeam "3Cs Oldham"]

1. d4 d5 2. c4 c6 3. Nc3 Nf6 4. Nf3 a6 5. g3 dxc4 6. Bg2 b5 7. Ne5 Bb7 8. a4 e6
9. O-O Nd5 10. e4 Nxc3 11. bxc3 Nd7 12. f4 Be7 13. Ng4 O-O 14. Ne3 c5 15. d5
exd5 16. e5 Re8 17. Nxd5 Rb8 18. a5 Bf8 19. Be4 g6 20. Qf3 Qc8 21. g4 Bg7 22.
g5 b4 23. h4 bxc3 24. h5 c2 25. Ra2 Bxd5 26. Bxd5 Rb3 27. Qg2 Rd3 28. Rxc2 gxh5
29. Bxc4 Rd4 30. Bb2 Nxe5 31. fxe5 Rg4 32. Bxf7+ Kh8 33. Bxe8 Rxg2+ 34. Rxg2
Qxe8 35. Rf6 Kg8 36. e6 h4 37. Re2 Qh5 38. Rff2 Qg4+ 39. Rg2 Bd4+ 40. Bxd4
Qxd4+ 41. Kh2 Kf8 42. e7+ Ke8 43. Rgf2 Qd6+ 44. Kh1 Qd5+ 45. Kg1 1/2-1/2

[Event "4NCL/Div1/HKF1 vs. 3CS1"]
[Site "Wokefield Park ENG"]
[Date "2007.05.06"]
[Round "10.2"]
[White "Davies, Nigel R"]
[Black "Gormally, Daniel W"]
[Result "1/2-1/2"]
[WhiteElo "2501"]
[BlackElo "2518"]
[PlyCount "23"]
[EventDate "2007.05.06"]
[EventType "team"]
[EventRounds "11"]
[EventCountry "ENG"]
[WhiteTeam "3Cs Oldham"]
[BlackTeam "H Kingfisher 1"]

1. d4 d5 2. Nf3 Nf6 3. c4 c6 4. e3 e6 5. Bd3 Nbd7 6. Nbd2 Bd6 7. O-O O-O 8. e4
e5 9. cxd5 cxd5 10. exd5 exd4 11. Nxd4 Nb6 12. N2f3 1/2-1/2

[Event "4NCL/Div1/HKF1 vs. 3CS1"]
[Site "Wokefield Park ENG"]
[Date "2007.05.06"]
[Round "10.3"]
[White "Wells, Peter K"]
[Black "Gordon, Stephen J"]
[Result "1-0"]
[WhiteElo "2499"]
[BlackElo "2490"]
[PlyCount "75"]
[EventDate "2007.05.06"]
[EventType "team"]
[EventRounds "11"]
[EventCountry "ENG"]
[WhiteTeam "H Kingfisher 1"]
[BlackTeam "3Cs Oldham"]

1. Nf3 Nf6 2. c4 e6 3. g3 d5 4. Bg2 Be7 5. O-O O-O 6. d4 c6 7. Nc3 Nbd7 8. b3
b6 9. Nd2 Bb7 10. e4 dxe4 11. Ndxe4 Nxe4 12. Nxe4 Nf6 13. Bb2 Rb8 14. Qe2 Nxe4
15. Bxe4 Bf6 16. Rfd1 Qe7 17. c5 Rfd8 18. Rac1 Rbc8 19. h4 Rd7 20. b4 Qd8 21.
b5 bxc5 22. Qf3 Rd5 23. bxc6 Bxc6 24. Rxc5 Be7 25. Bxd5 Bxd5 26. Rxc8 Qxc8 27.
Qc3 Qa6 28. a4 g5 29. Rc1 Qxa4 30. hxg5 Bxg5 31. Ra1 Qd7 32. Bc1 Be7 33. Bh6
Bb7 34. d5 f6 35. Ra5 exd5 36. Rxa7 d4 37. Qb3+ Kh8 38. Qxb7 1-0

[Event "4NCL/Div1/HKF1 vs. 3CS1"]
[Site "Wokefield Park ENG"]
[Date "2007.05.06"]
[Round "10.4"]
[White "Arakhamia-Grant, Ketevan"]
[Black "Greet, Andrew N"]
[Result "0-1"]
[WhiteElo "2431"]
[BlackElo "2434"]
[PlyCount "104"]
[EventDate "2007.05.06"]
[EventType "team"]
[EventRounds "11"]
[EventCountry "ENG"]
[WhiteTeam "3Cs Oldham"]
[BlackTeam "H Kingfisher 1"]

1. e4 e5 2. Nf3 Nc6 3. Bb5 a6 4. Ba4 Nf6 5. O-O Be7 6. Re1 b5 7. Bb3 d6 8. c3
O-O 9. d3 Na5 10. Bc2 c5 11. Nbd2 Nc6 12. Nf1 Qc7 13. Ng3 Be6 14. Ng5 Rad8 15.
Nxe6 fxe6 16. f4 d5 17. fxe5 Nxe5 18. exd5 Rxd5 19. Bf4 Bd6 20. Qe2 Nxd3 21.
Bxd6 Qxd6 22. Bxd3 Rxd3 23. Qxe6+ Qxe6 24. Rxe6 Rd2 25. Rb1 Ng4 26. Ne4 Rc2 27.
Nd6 h6 28. h3 Nf2 29. a4 Nd3 30. axb5 axb5 31. Re3 Nf4 32. g4 Rd8 33. Ne4 g5
34. b4 c4 35. Ra1 Rd3 36. Ra8+ Kg7 37. Rxd3 cxd3 38. Nf2 Rxc3 39. Rd8 Kf7 40.
Kh2 Ke7 41. Rd4 Rc4 42. Re4+ Kd6 43. Re8 Rxb4 44. Nxd3 Nxd3 45. Rd8+ Kc5 46.
Rxd3 Rd4 47. Re3 b4 48. Kg3 Rd6 49. h4 gxh4+ 50. Kxh4 Rb6 51. Kh5 Kd4 52. Rb3
Kc4 0-1

[Event "4NCL/Div1/HKF1 vs. 3CS1"]
[Site "Wokefield Park ENG"]
[Date "2007.05.06"]
[Round "10.5"]
[White "Mogranzini, Roberto"]
[Black "Ashton, Adam G"]
[Result "1/2-1/2"]
[WhiteElo "2421"]
[BlackElo "2316"]
[PlyCount "113"]
[EventDate "2007.05.06"]
[EventType "team"]
[EventRounds "11"]
[EventCountry "ENG"]
[WhiteTeam "H Kingfisher 1"]
[BlackTeam "3Cs Oldham"]

1. e4 e5 2. Nf3 Nc6 3. Bb5 a6 4. Ba4 Nf6 5. d3 b5 6. Bb3 Be7 7. a4 Bb7 8. O-O
O-O 9. Re1 d6 10. Nc3 b4 11. Nd5 Nxd5 12. Bxd5 Rb8 13. c3 bxc3 14. bxc3 Na5 15.
Bxb7 Rxb7 16. d4 Bf6 17. Qd3 Nb3 18. Rb1 Nxc1 19. Rexc1 Qa8 20. Rxb7 Qxb7 21.
Rb1 Qc6 22. a5 exd4 23. cxd4 g6 24. d5 Qa4 25. Qxa6 Bc3 26. Qd3 Bxa5 27. e5
dxe5 28. Nxe5 Re8 29. Nc4 Bb4 30. g3 Bc5 31. Kg2 Qd7 32. Nd2 Qe7 33. Kf1 Qf6
34. Nf3 Kg7 35. Kg2 Ra8 36. Rc1 Ra3 37. Qe4 Rc3 38. Rxc3 Qxc3 39. Qe2 Qf6 40.
h4 h5 41. Qc2 Bb6 42. Qb3 Bc5 43. Qa2 Qc3 44. Qe2 Qf6 45. Qd2 Bb6 46. Qc2 Qd6
47. Qb3 Qf6 48. Qb4 Qd6 49. Qd2 Qf6 50. Ng5 Bd4 51. Qc2 Qe5 52. Qc4 Qf6 53. Qa2
Bb6 54. Kf1 Qf5 55. d6 cxd6 56. Qb2+ f6 57. Qxb6 1/2-1/2

[Event "4NCL/Div1/HKF1 vs. 3CS1"]
[Site "Wokefield Park ENG"]
[Date "2007.05.06"]
[Round "10.7"]
[White "Arkell, Keith C"]
[Black "Hamelink, Desiree"]
[Result "1-0"]
[WhiteElo "2474"]
[BlackElo "2220"]
[PlyCount "207"]
[EventDate "2007.05.06"]
[EventType "team"]
[EventRounds "11"]
[EventCountry "ENG"]
[WhiteTeam "H Kingfisher 1"]
[BlackTeam "3Cs Oldham"]

1. d4 d5 2. c4 c6 3. Nf3 Nf6 4. Nbd2 a6 5. g3 e6 6. Bg2 Nbd7 7. O-O b5 8. b3
Bb7 9. a4 Be7 10. Qc2 O-O 11. Ba3 b4 12. Bb2 c5 13. cxd5 exd5 14. Rac1 Rc8 15.
Qb1 Qb6 16. Rfd1 Rfd8 17. e3 h6 18. dxc5 Nxc5 19. Bd4 Qe6 20. Ne5 Nfe4 21. Nd3
Nxd3 22. Qxd3 Nc5 23. Qb1 a5 24. Nf3 Ne4 25. Qb2 f6 26. Ne1 Ba6 27. Rxc8 Rxc8
28. Rc1 Rc6 29. Bf3 Qc8 30. Rxc6 Qxc6 31. Bd1 Nc3 32. Bg4 Bd6 33. Kg2 Be5 34.
Nf3 Bc7 35. Qc2 Bb6 36. Qg6 Bxd4 37. Nxd4 Qa8 38. Be6+ Kh8 39. Bf5 Qg8 40. Nc6
Bc8 41. Bc2 Ne4 42. Ne7 Qd8 43. Nxc8 Qxc8 44. Bxe4 dxe4 45. Qxe4 Qc7 46. Qd5
Kh7 47. h4 Kh8 48. h5 Kh7 49. Kf3 Kh8 50. Qe6 Qc5 51. g4 Qc7 52. Qd5 Kh7 53.
Qe4+ Kh8 54. Ke2 Qc8 55. Kd1 Qd7+ 56. Qd4 Qc7 57. Kd2 Qc8 58. Kd3 Kh7 59. Qc4
Qd7+ 60. Kc2 Kh8 61. f3 Qb7 62. Kd3 Qd7+ 63. Ke4 Qe7+ 64. Kd3 Qd6+ 65. Qd4 Qc7
66. Qd5 Qc3+ 67. Ke4 Qc2+ 68. Kf4 Qc7+ 69. Kf5 Kh7 70. Ke6 Qc8+ 71. Kd6 Qa6+
72. Kc5 Kh8 73. Qc6 Qa7+ 74. Kb5 Qf7 75. Qc8+ Kh7 76. Qc2+ Kh8 77. Kxa5 Qa7+
78. Kxb4 Qxe3 79. Qc8+ Kh7 80. Qf5+ Kh8 81. a5 Qd2+ 82. Kb5 Qe2+ 83. Kc5 Qe3+
84. Kc4 Qc1+ 85. Kb5 Qf1+ 86. Kb6 Qd1 87. Qe6 Qd4+ 88. Kb7 Qb4+ 89. Ka6 Qc3 90.
Qc4 Qa1 91. Kb7 Qa3 92. a6 Qe7+ 93. Kc8 Qe8+ 94. Kc7 Qe7+ 95. Kb6 Qd6+ 96. Ka5
Qd8+ 97. Ka4 Qd7+ 98. Ka3 Qe7+ 99. b4 Qe3+ 100. Ka4 Qe8+ 101. b5 Qe3 102. Qd5
Qb6 103. Kb4 Qe3 104. Qa8+ 1-0

[Event "4NCL/Div1/HKF1 vs. 3CS1"]
[Site "Wokefield Park ENG"]
[Date "2007.05.06"]
[Round "10.8"]
[White "Bentley, John L"]
[Black "Fierro Baquero, Martha L"]
[Result "1-0"]
[WhiteElo "2243"]
[BlackElo "2339"]
[PlyCount "91"]
[EventDate "2007.05.06"]
[EventType "team"]
[EventRounds "11"]
[EventCountry "ENG"]
[WhiteTeam "3Cs Oldham"]
[BlackTeam "H Kingfisher 1"]

1. d4 g6 2. c4 Bg7 3. Nc3 d6 4. e4 Nf6 5. f3 O-O 6. Be3 a6 7. Nge2 c6 8. a4 a5
9. Qd2 Na6 10. Nc1 Nd7 11. Nb3 e5 12. d5 Nb4 13. Na2 c5 14. Nc3 f5 15. Be2 Nf6
16. O-O-O Qb6 17. Na1 Rf7 18. Nc2 Bd7 19. Na3 Raf8 20. Nab5 Nh5 21. Rdf1 Nf4
22. Rhg1 Bc8 23. g3 Nh3 24. Rg2 f4 25. Bg1 h5 26. Qd1 Kh7 27. Bf2 Bh6 28. Kb1
Nxf2 29. Rgxf2 Bh3 30. Rg1 fxg3 31. hxg3 Be3 32. Rh2 Bxg1 33. Qxg1 Bc8 34. f4
Kg7 35. f5 Rf6 36. g4 hxg4 37. Qh1 Kf7 38. Rh7+ Ke8 39. Nc7+ Kd8 40. N3b5 Bd7
41. Na8 Qa6 42. Nac7 Qb6 43. fxg6 Rxg6 44. Na8 Qa6 45. Rxd7+ Kxd7 46. Qh7+ 1-0

[Event "4NCL/Div1/GUI2 vs. BAR1"]
[Site "Wokefield Park ENG"]
[Date "2007.05.06"]
[Round "10.2"]
[White "Cox, John J"]
[Black "Prie, Eric"]
[Result "0-1"]
[WhiteElo "2411"]
[BlackElo "2513"]
[PlyCount "48"]
[EventDate "2007.05.06"]
[EventType "team"]
[EventRounds "11"]
[EventCountry "ENG"]
[WhiteTeam "Barbican 4NCL 1"]
[BlackTeam "Guildford-ADC 2"]

1. d4 d5 2. c4 c6 3. Nf3 Nf6 4. Nc3 a6 5. e3 b5 6. c5 Bg4 7. Qb3 Bxf3 8. gxf3
Nbd7 9. a4 e5 10. Qa3 Rc8 11. axb5 axb5 12. Bh3 Rc7 13. Bd2 Be7 14. Nxb5 cxb5
15. Ba5 exd4 16. exd4 O-O 17. O-O Ne8 18. Qb3 Nb8 19. Qxb5 Bg5 20. Qd3 Nc6 21.
Bxc7 Nxc7 22. Rfd1 Bf4 23. Bf1 Qg5+ 24. Bg2 Ne6 0-1

[Event "4NCL/Div1/GUI2 vs. BAR1"]
[Site "Wokefield Park ENG"]
[Date "2007.05.06"]
[Round "10.4"]
[White "Collinson, Adam"]
[Black "Plaskett, James"]
[Result "1/2-1/2"]
[WhiteElo "2384"]
[BlackElo "2499"]
[PlyCount "69"]
[EventDate "2007.05.06"]
[EventType "team"]
[EventRounds "11"]
[EventCountry "ENG"]
[WhiteTeam "Barbican 4NCL 1"]
[BlackTeam "Guildford-ADC 2"]

1. e4 c5 2. Nf3 e6 3. c3 Nf6 4. e5 Nd5 5. d4 cxd4 6. cxd4 b6 7. Bd3 Ba6 8. O-O
Qc7 9. a3 Be7 10. Bg5 f6 11. Bh4 f5 12. Bxe7 Kxe7 13. Bxa6 Nxa6 14. Nbd2 Rac8
15. Rc1 Qxc1 16. Qxc1 Rxc1 17. Rxc1 h6 18. h4 g5 19. hxg5 hxg5 20. g3 g4 21.
Nh4 Rb8 22. Nf1 b5 23. b4 Nac7 24. Ne3 Rb6 25. Ng6+ Kd8 26. Nf4 Nxf4 27. gxf4
a5 28. d5 axb4 29. axb4 Nxd5 30. Nxd5 exd5 31. Rd1 Ke7 32. Rxd5 Rc6 33. Rxb5
Rc4 34. Rb6 Rxf4 35. Rf6 1/2-1/2

[Event "4NCL/Div1/GUI2 vs. BAR1"]
[Site "Wokefield Park ENG"]
[Date "2007.05.06"]
[Round "10.5"]
[White "Cherniaev, Alexander"]
[Black "Knott, Simon"]
[Result "1-0"]
[WhiteElo "2487"]
[BlackElo "2377"]
[PlyCount "115"]
[EventDate "2007.05.06"]
[EventType "team"]
[EventRounds "11"]
[EventCountry "ENG"]
[WhiteTeam "Guildford-ADC 2"]
[BlackTeam "Barbican 4NCL 1"]

1. e4 e6 2. d4 d5 3. Nc3 Bb4 4. Qd3 Ne7 5. e5 c5 6. a3 Bxc3+ 7. bxc3 O-O 8. Qh3
f5 9. Nf3 Nbc6 10. Bd3 Qa5 11. Bd2 Qa4 12. dxc5 Ng6 13. Qg3 Qg4 14. O-O Qxg3
15. hxg3 Ngxe5 16. Nxe5 Nxe5 17. Rfe1 Nc4 18. Bxc4 dxc4 19. Rab1 Rd8 20. Bf4
Rd5 21. Re5 Kf7 22. Rxd5 exd5 23. Rd1 b6 24. c6 Be6 25. Re1 Rc8 26. c7 Ke7 27.
f3 Kd7 28. Be5 Re8 29. Kf2 Bf7 30. f4 Kc6 31. Rh1 h5 32. Re1 Rc8 33. Kg1 Be8
34. Kh2 Bd7 35. Kh3 Re8 36. Kh4 g6 37. Kg5 Re6 38. Kh6 Bc8 39. Kg7 Bd7 40. Kf7
Bc8 41. Rd1 Bd7 42. Rh1 Bc8 43. Re1 Bd7 44. Re3 Bc8 45. Bd4 Rxe3 46. Bxe3 Kxc7
47. Kxg6 Kd6 48. Bd4 Ke6 49. Kxh5 Kf7 50. Kg5 Bd7 51. g4 fxg4 52. g3 Ba4 53. f5
Bxc2 54. Kxg4 Bd1+ 55. Kf4 Bc2 56. g4 Bd1 57. g5 Bh5 58. Ke5 1-0